| 000 | 00718nam a2200241Ia 4500 | ||
|---|---|---|---|
| 003 | OSt | ||
| 005 | 20220925215432.0 | ||
| 006 | a|||||r|||| 00| 0 | ||
| 007 | ta | ||
| 008 | 220923b |||||||| |||| 00| 0 eng d | ||
| 020 | _a0 340 35634 0 | ||
| 037 | _cGeneral Book | ||
| 040 |
_aRTL _cRTL _beng |
||
| 041 |
_2eng _aeng |
||
| 082 | _aX:770gY.1(X).N8, M5 | ||
| 100 |
_aAddo Herb _9120842 |
||
| 245 | 0 | _aDevelopment as social tranformation Reflections on the global problematique | |
| 260 |
_aLondon _bHodder and Stoughton UK _c1985 |
||
| 300 |
_a281p. _ccm. |
||
| 650 |
_aEconomic Development _917300 |
||
| 942 |
_hX:770gY.1(X).N8, M5 _cGB _2CC |
||
| 999 |
_c568812 _d568812 |
||